书目信息 |
| 题名: |
商业银行经营管理
|
|
| 作者: | 王淑敏 , 符宏飞 主编 | |
| 分册: | ||
| 出版信息: | 北京 北京交通大学出版社 2007.09 |
|
| 页数: | 320页 | |
| 开本: | 23cm | |
| 丛书名: | ||
| 单 册: | ||
| 中图分类: | F830.33 | |
| 科图分类: | ||
| 主题词: | 商业银行--shang ye yin hang--经济管理--教材 | |
| 电子资源: | ||
| ISBN: | 978-7-81123-174-8 | |
| 000 | 01014nam0 2200265 450 | |
| 001 | 012008117685 | |
| 005 | 20080626150301.43 | |
| 010 | @a978-7-81123-174-8@dCNY29.00 | |
| 100 | @a20080626d2007 em y0chiy0120 ea | |
| 101 | 0 | @achi |
| 102 | @aCN@b110000 | |
| 105 | @ay a 000yy | |
| 106 | @ar | |
| 200 | 1 | @a商业银行经营管理@Ashang ye yin hang jing ying guan li@f王淑敏, 符宏飞主编@Fwang shu min,fu hong fei zhu bian |
| 210 | @a北京@c北京交通大学出版社@c清华大学出版社@d2007.09 | |
| 215 | @a320页@d23cm | |
| 300 | @a现代经济与管理类规划教材 | |
| 320 | @a有书目 (第318-320页) | |
| 330 | @a本书内容包括:商业区银行经营管理导论、《巴塞尔协议》与商业银行资本管理、商业银行流动性管理、商业银行负债业务经营管理、商业银行贷款业务经营管理、商业银行证券投资业务经营管理等。 | |
| 606 | 0 | @a商业银行@Ashang ye yin hang@x经济管理@j教材 |
| 690 | @aF830.33@v4 | |
| 701 | 0 | @a王淑敏@Awang shu min@4主编 |
| 701 | 0 | @a符宏飞@Afu hong fei@4主编 |
| 801 | 0 | @aCN@bQSSK@c20080626 |
| 905 | @b729477-79@dF830.33@eW354@f3 | |
| 商业银行经营管理/王淑敏, 符宏飞主编.-北京:北京交通大学出版社:清华大学出版社,2007.09 |
| 320页;23cm |
| 现代经济与管理类规划教材 |
| ISBN 978-7-81123-174-8:CNY29.00 |
| 本书内容包括:商业区银行经营管理导论、《巴塞尔协议》与商业银行资本管理、商业银行流动性管理、商业银行负债业务经营管理、商业银行贷款业务经营管理、商业银行证券投资业务经营管理等。 |
| ● |
| 相关链接 |
|
|
|
正题名:商业银行经营管理
索取号:F830.33/W354
 
预约/预借
| 序号 | 登录号 | 条形码 | 馆藏地/架位号 | 状态 | 备注 |
| 1 | 729477 | 207294774 | 社科库409/409社科库 50排7列5层/ [索取号:F830.33/W354] | 在馆 | |
| 2 | 729478 | 207294783 | 社科二线422/409社科库 50排7列4层/ [索取号:F830.33/W354] | 在馆 | |
| 3 | 729479 | 207294792 | 社科库409/409社科库 50排7列5层/ [索取号:F830.33/W354] | 在馆 |